01007cam a22003011 4500001001300000003000400013005001700017008004100034010001700075035001900092040002000111041001100131042001200142050002400154100003200178245004700210260002200257300003300279490005800312500002800370500005400398500007200452630003600524650001300560700004600573740002400619810006200643sa 66000167 DLC20260227112213.0800715m19591964ii 000 0 san  asa 66000167  a(OCoLC)6514750 aDLCcMdFmNdDLC0 asaneng apremarc00aBL1245.V32bS7 19590 aRāmanūjā,c1017-1137.10aRāmānujaviractaṃ Ṡrībhāṣyam. a[Poona]c1959-64. a3 v.bgeneal. table.c25 cm.1 aUniversity of Poona Sanskrit and Prakrit series,vv.1 aAdded t. p. in English. aA commentary on Bādarāyaṇa's Brahmasūtra. aEnglish and Sanskrit; forword, pref., introd. and notes in English.00aBādarāyaạ. Brahmasūtra. 0aVedanta.1 aKarmarkar, Raghunath Damodar,d1893-eed.0 aṠrībhāṣyam.2 aUniversity of Poona.tSanskrit and Prakrit series ;vv.1.